| Tag |
First Indicator |
Second Indicator |
Subfields |
| LEADER |
00000cam a2200000 a 4500 |
| 001 |
in00000007832 |
| 005 |
20151002070036.0 |
| 008 |
870506s1987 nyu b 00110 eng |
| 010 |
|
|
|a 87040040
|
| 020 |
|
|
|a 0670815640 :
|c $18.95
|
| 035 |
|
|
|a (OCoLC)15790831
|
| 035 |
|
|
|9 AAA0162AM
|
| 040 |
|
|
|a DLC
|c DLC
|d TXA
|d UtOrBLW
|
| 043 |
|
|
|a n-us---
|
| 050 |
0 |
0 |
|a JK2316
|b .K87 1987
|
| 100 |
1 |
|
|a Kuttner, Robert.
|
| 245 |
1 |
4 |
|a The life of the party :
|b Democratic prospects in 1988 and beyond /
|c Robet Kuttner.
|
| 264 |
|
1 |
|a New York, NY :
|b Viking,
|c 1987.
|
| 300 |
|
|
|a xii, 265 pages ;
|c 24 cm.
|
| 336 |
|
|
|a text
|b txt
|2 rdacontent
|
| 337 |
|
|
|a unmediated
|b n
|2 rdamedia
|
| 338 |
|
|
|a volume
|b nc
|2 rdacarrier
|
| 500 |
|
|
|a "Elisabeth Sifton books."
|
| 504 |
|
|
|a Bibliography: pages [249]-256.
|
| 500 |
|
|
|a Includes index.
|
| 610 |
2 |
0 |
|a Democratic Party (U.S.)
|
| 650 |
|
0 |
|a Liberalism
|z United States.
|
| 650 |
|
0 |
|a Populism
|z United States.
|
| 651 |
|
0 |
|a United States
|x Politics and government
|y 1981-1989.
|
| 999 |
|
|
|a MARS
|
| 999 |
f |
f |
|s 31a0a746-a7f3-3a00-9819-f9e5902ae2c9
|i cd53f961-64f8-3474-a2ba-5a55f0ad857e
|t 0
|
| 952 |
f |
f |
|p ric
|a Texas A&M University
|b Rellis Campus
|c Joint Library Facility
|d Remote Storage
|t 0
|e JK2316 .K87 1987
|h Library of Congress classification
|i unmediated -- volume
|m A14811006634
|
| 998 |
f |
f |
|a JK2316 .K87 1987
|t 0
|l Remote Storage
|